Inculturation et altermondialisation (notice n° 2079160)

détails MARC
000 -LEADER
fixed length control field 01281cam a2200157 4500500
005 - DATE AND TIME OF LATEST TRANSACTION
control field 20260405004902.0
041 ## - LANGUAGE CODE
Language code of text/sound track or separate title fre
042 ## - AUTHENTICATION CODE
Authentication code dc
100 10 - MAIN ENTRY--PERSONAL NAME
Personal name Servais, Olivier
Relator term author
245 00 - TITLE STATEMENT
Title Inculturation et altermondialisation
260 ## - PUBLICATION, DISTRIBUTION, ETC.
Date of publication, distribution, etc. 2005.<br/>
500 ## - GENERAL NOTE
General note 5
520 ## - SUMMARY, ETC.
Summary, etc. A form of resistance to the capitalist and liberal project of globalization, the expression “alternative globalization” has in the past few years come to play a large role in the media. This concept of resistance, developed in French-speaking Belgium, has now spread widely abroad. alternative globalization is presented as a synthetic concept, integrating the whole range of movements opposing capitalist globalization and its consequences. This perspective shares some elements with the notion of “inculturation”. In many respects, inculturation seems to us to go hand in hand with the concept of alternative globalization. Thus, despite the different contexts in which they emerged and are used, the two concepts nevertheless allow us to glimpse in miniature their underlying logic and common positions.
786 0# - DATA SOURCE ENTRY
Note Lumen Vitae | Volume LX | 1 | 2005-01-01 | p. 67-78 | 0024-7324
856 41 - ELECTRONIC LOCATION AND ACCESS
Uniform Resource Identifier <a href="https://shs.cairn.info/revue-lumen-vitae-2005-1-page-67?lang=fr&redirect-ssocas=7080">https://shs.cairn.info/revue-lumen-vitae-2005-1-page-67?lang=fr&redirect-ssocas=7080</a>

Pas d'exemplaire disponible.

PLUDOC

PLUDOC est la plateforme unique et centralisée de gestion des bibliothèques physiques et numériques de Guinée administré par le CEDUST. Elle est la plus grande base de données de ressources documentaires pour les Étudiants, Enseignants chercheurs et Chercheurs de Guinée.

Adresse

627 919 101/664 919 101

25 boulevard du commerce
Kaloum, Conakry, Guinée

Réseaux sociaux

Powered by Netsen Group @ 2025